00667 2200205 4500001002100000005001700021008004100038035002400079090001800103100004700121245012200168260003000290300002300320650005400343850001500397980001300412985000600425999001500431999001500446YOGYA-0209000002737220090227024134.0 ind  0010-020900000027372 a352bInd PlR aINDONESIA [Undang-undang, peraturan, dsb.] aPetunjuk pelaksanaan pemerintahan dareah dan perimbangan keuqangan antara pusat dan daerah & undang-undang tentang .. aJakartabCipta Jayac1999 axi, 168 hlmc21 cm aPemerintahan daerah - Undang-undang dan peraturan aYOPDYOG(B) a13-03-07 a2 a06A0020559 a06A0020560